Sports Quiz

Random Sports Quiz

BTCC Drivers 2012 Quiz Stats

 Plays Quiz not verified by Sporcle

Challenge
Share
Tweet
Embed
Score 0/24 Timer 05:00
0 Plays Today
% Correct
Matt Neal
97.6%
Jason Plato
95.2%
Rob Collard
78.6%
Mat Jackson
71.4%
Gordon Sheddon
66.7%
Tom Onslow-Cole
66.7%
Andrew Jordan
66.7%
Liam Griffin
64.3%
Aron Smith
61.9%
Andy Neate
61.9%
Jeff Smith
59.5%
Tony Gilham
59.5%
% Correct
Ollie Jackson
59.5%
Nick Foster
57.1%
Chris James
57.1%
Rob Austin
57.1%
Frank Wrathall
57.1%
David Newsham
50%
Tony Hughes
50%
Adam Morgan
45.2%
John Thorne
45.2%
Lea Wood
45.2%
Daniel Welch
42.9%
Mark Hazell
23.8%

You're not logged in!

Compare scores with friends on all Sporcle quizzes.
OR
Log In

You Might Also Like...

Show Comments

Extras

Created Apr 6, 2012ReportNominate
Tags:2012, btcc, driver

Top Quizzes Today


Score Distribution

Your Account Isn't Verified!

In order to create a playlist on Sporcle, you need to verify the email address you used during registration. Go to your Sporcle Settings to finish the process.

Report this User

Report this user for behavior that violates our Community Guidelines.

Details: